Νίκος Βαλσαμάκης : αρχιτέκτων
Αποθηκεύτηκε σε:
| Κύριος συγγραφέας: | |
|---|---|
| Άλλοι συγγραφείς: | , |
| Μορφή: | Βιβλίο |
| Γλώσσα: | Greek English |
| Δημοσίευση: |
[Αθήνα] :
Μουσείο Μπενάκη,
c2007.
|
| Θέματα: | |
| Ετικέτες: |
Προσθήκη ετικέτας
Δεν υπάρχουν, Καταχωρήστε ετικέτα πρώτοι!
|
MARC
| LEADER | 00000cam a2200000 a 4500 | ||
|---|---|---|---|
| 001 | 1/120848 | ||
| 008 | 200210s2007####gr | ||| |||| ||gre|| | ||
| 020 | |a 9789608347564 | ||
| 040 | |a GR-MyUa |b gre |c GR-MyUa |e AACR2 | ||
| 041 | 0 | |a gre |a eng | |
| 082 | 7 | |a 720.92 |2 (23) | |
| 100 | 1 | |a Βαλσαμάκης, Νικόλαος. | |
| 245 | 1 | 0 | |a Νίκος Βαλσαμάκης : |b αρχιτέκτων / |c επιμέλεια καταλόγου: Γραφείο Ν. Βαλσαμάκη, Μαρία Βαλσαμάκη, Όλγα Τρανταλή. |
| 246 | 1 | |i Τίτλος εξωφύλλου: |a Nicos Valsamakis : |b architect | |
| 260 | |a [Αθήνα] : |b Μουσείο Μπενάκη, |c c2007. | ||
| 300 | |a 288 σ. : |b εικ. ; |c 25 εκ. | ||
| 500 | |a Η έκδοση αυτή έγινε με την ευκαιρία της έκθεσης του Νίκου Βαλσαμάκη στο Μουσείο Μπενάκη, Ιανουάριος 2007. | ||
| 600 | 1 | 7 | |2 nlgaf |a Βαλσαμάκης, Νικόλαος |x Exhibitions. |
| 650 | 0 | |a Architects |z Greece |x History |y 20th century |x Exhibitions. | |
| 700 | 1 | |a Βαλσαμάκη, Μαρία, |e edtf | |
| 700 | 1 | |a Τρανταλή, Όλγα, |e edtf | |
| 852 | |a INST |b SYROS |c EUDOXUS |e 20200210 |h 720.92 ΒΑΛ |p 005500013858 |q 005500013858 |t EDX |y 0 | ||
| 920 | |a Εύδοξος |b Παραγγελία |y Σύρος-ΤΜΣΠΣ |z 2020-02 | ||
| 970 | |a Κοντού |b Παρασκευή |z 10/02/2020 | ||